American Foods - Statistics

General Stats
  • This quiz has been taken 39,457 times
  • The average score is 12 of 20
Answer Stats
Description Answer % Correct
Soft drink once made with cocaine Coca-Cola
94%
Ground beef sandwich named after a German city Hamburger
92%
Frank on a bun Hot Dog
92%
Graham crackers, marshmallow, and chocolate S'More
83%
Ring-shaped coffee accompaniment Doughnut
79%
Canned pork product popular in Hawaii Spam
77%
Single-serving cake made in a muffin tin Cupcake
76%
Prophetic dessert thought to be Chinese Fortune Cookie
70%
Brand of cream-filled sponge cake said to have infinite shelf life Twinkie
70%
Meat sandwich of Philadelphia Cheesesteak
68%
Sushi roll with crab and avocado California Roll
61%
Citrus pie of south Florida Key Lime Pie
60%
Style of whiskey associated with Kentucky Bourbon
56%
Cajun soup often made with okra and shellfish Gumbo
49%
Soda originally made with sassafras Root Beer
46%
Fried ball of cornmeal batter Hushpuppy
38%
Breakfast food made popular by Battle Creek health nuts Breakfast Cereal
34%
Deep-fried burrito Chimichanga
31%
Chocolate cake with coconut pecan frosting German Chocolate Cake
30%
Marinated raw tuna of Hawaii Ahi Poke
16%
No matching quizzes found
Score Distribution
Percent of People with Each Score
Percentile by Number Answered
Your Score History
You have not taken this quiz